Países con más Esclavitud - Estadísticas

Estadísticas generales
  • Esta prueba ha sido intentada 21 veces
    20 desde el último reinicio
  • La puntuación promedio es 6 de 10
Estadísticas de respuestas
Continente Esclavos por cada mil personas País % Correcto
Asia 16,8 Irán
81%
Asia 22,2 Afganistán
75%
Asia 104,6 Corea del Norte
75%
África 20,5 Sudán del Sur
69%
África 40 Burundi
56%
África 93 Eritrea
56%
África 21,4 Mauritania
56%
Asia 16,8 Pakistán
56%
África 22,3 República Centroafricana
44%
Asia 16,8 Camboya
31%
No se encontraron pruebas coincidentes
Distribución de puntuación
Porcentaje de gente con cada puntuación
Porcentaje por número respondido
Historial de tus puntuaciones
No has intentado esta prueba desde el último reinicio